Κατάλογος Βιβλιοθηκών Mediterranean College

Ιστορία της Τέχνης / Η Αρχαία Τέχνη (Record no. 5494)

MARC details
000 -LEADER
fixed length control field 01088cam a22001934a 4500
005 - ΗΜΕΡΟΜΗΝΙΑ ΚΑΙ ΩΡΑ ΤΕΛΕΥΤΑΙΑΣ ΕΝΗΜΕΡΩΣΗΣ
Πεδίο ελέγχου 20250605164213.0
008 - FIXED-LENGTH DATA ELEMENTS--GENERAL INFORMATION
Πεδίο ελέγχου σταθερού μήκους 250528s ||||||||||||||||||||||||d
035 ## - SYSTEM CONTROL NUMBER
System control number 20379
020 ## - ISBN
ISBN 9602561394
040 ## - ΠΗΓΗ ΚΑΤΑΛΟΓΟΓΡΑΦΗΣΗΣ
Φορέας πρωτότυπης καταλογογράφησης MC Athens Campus Library
Γλώσσα καταλογογράφησης Ελληνικά, Μοντέρνα (1453-)
Modifying agency MC Athens Campus Library
Κανόνες περιγραφικής καταλογογράφησης AACR2
245 1# - ΤΙΤΛΟΣ ΚΑΙ ΔΗΛΩΣΗ ΥΠΕΥΘΥΝΟΤΗΤΑΣ
Τίτλος Ιστορία της Τέχνης / Η Αρχαία Τέχνη
260 ## - PUBLICATION, DISTRIBUTION, ETC.
Name of publisher, distributor, etc. Εξάντας,
Date of publication, distribution, etc. 1993
300 ## - PHYSICAL DESCRIPTION
Extent 382
520 ## - SUMMARY, ETC.
Summary, etc. Η αρχαία τέχνη: από την προιστορική εποχή μέχρι τη Ρωμαική Αυτοκρατορία και τα πρώτα χριστιανικά χρόνια, με ενδίαμεσους σταθμούς την Αίγυπτο, τη Μεσοποταμία, την Ελλάδα και τη Ρώμη. Πριν την Ιστορία, Η Αίγυπτος, Η Αρχαία Ανατολή, Οι Πηγές της Ελληνικής Τέχνης, Φειδίας, Το Λυκόφως των Ανθρώπων, Η Ελλάδα της Καθημερινής Ζωής, Ρώμη.
700 1# - ΠΡΟΣΘΕΤΗ ΑΝΑΓΡΑΦΗ--ΦΥΣΙΚΟ ΠΡΟΣΩΠΟ
Personal name Φωρ Έλι
9 (RLIN) 6363
942 ## - ADDED ENTRY ELEMENTS (KOHA)
Koha item type Books
Holdings
Τύπος τεκμηρίου Βιβλιοθήκη Τρέχουσα τοποθεσία Barcode Αριθμός εισαγωγής Ημερομηνία απόκτησης Ταξιθετικό σύμβολο Αριθμός αντιτύπου Κατάσταση απόσυρσης Κατάσταση χαμένου Κατάσταση κατεστραμμένου Μη δανεισμός Σύνολο δανεισμών Ημερομηνία τελευταίας εμφάνισης Η τιμή ισχύει από
Books MC Athens Campus Library MC Athens Campus Library 9780000054937 6846 05/06/2025 709 FAU V.1 1           05/06/2025 05/06/2025

MC Athens Campus Library
Πατησίων 94 & Κοδριγκτώνος 13, 104 34
Πελλήνης 8 & Πατησίων 107, 112 51
Τ: +30 210 8899600

MC Thessaloniki Campus Library
Ίωνος Δραγούμη 21, 54625 | Ίωνος Δραγούμη 15, 54625
Τ: +30 2310 287779 – Τ: +30 2314 440300